Code of pracrice for anti: measure buildings / (Record no. 11655)
[ view plain ]
| 000 -LEADER | |
|---|---|
| fixed length control field | 00382cam a2200133ua 4500 |
| 041 ## - LANGUAGE CODE | |
| Language code of text/sound track or separate title | eng |
| 082 ## - DEWEY DECIMAL CLASSIFICATION NUMBER | |
| Classification number | 699.878 |
| Item number | BUR/CO |
| 100 ## - MAIN ENTRY--AUTHOR NAME | |
| Personal name | Bureau of Indian standers, . |
| 245 ## - TITLE STATEMENT | |
| Title | Code of pracrice for anti: measure buildings / |
| 260 ## - PUBLICATION, DISTRIBUTION, ETC. (IMPRINT) | |
| Place of publication | : |
| Name of publisher | Burau of Indian , |
| Year of publication | 1989. |
| 300 ## - PHYSICAL DESCRIPTION | |
| Number of Pages | 16 ; . |
No items available.
